Aristoteľ

Bibliographic Details
Main Author: Čanyšev, Arsenij Nikolaevič (Author)
Format: Book
Language:Undetermined
PhysicalDescription:199 s.
Published: Moskva Mysľ 1981

MARC

LEADER 00000nam a2200000 a 4500
001 vtls001410925
003 SK-MaSNL
005 20260301202210.0
008 240314s1981 xx 0 und
035 |a SNK000365624 
040 |a SNK  |b slo  |c SNK  |e AACR2 
100 1 |a Čanyšev, Arsenij Nikolaevič  |4 aut  |9 583858 
245 1 0 |a Aristoteľ 
260 |a Moskva  |b Mysľ  |c 1981 
300 |a 199 s. 
958 |a OND 
999 |c 897948  |d 899878 
952 |t P60, <04>, [BOOK], {604}  |a SNK  |b SNK  |y VYP  |7 0  |p 17A0294338  |o snkID 77086  |0 0  |1 0  |4 0  |d 2001-04-04  |l 0  |r 2005-01-02 00:00:00  |w 2026-02-24